| 000 | 01364nam a2200577Ia 4500 | ||
|---|---|---|---|
| 001 | 53013 | ||
| 005 | 20240114005329.0 | ||
| 007 | ta | ||
| 008 | 101215s g b000 u u | ||
| 040 | _aCotton College | ||
| 082 |
_a006.7 _bEFY |
||
| 100 | _aEFY Magagine, . | ||
| 245 | 0 |
_aElectronic For You / _cEFY Magagine. _hTextual Documents |
|
| 260 |
_aNew Delhi : _bEFY Magagine Publisher , _c2009-10. |
||
| 653 | _aCD- Electronic | ||
| 942 |
_2ddc _cBK |
||
| 999 |
_c52976 _d52976 |
||